[Event "17th Dubai Chess Open"]
[Site "Dubai UAE"]
[Date "2015.04.13"]
[Round "8.20"]
[White "Deshpande, Aniruddha"]
[Black "Papp, Gabor1"]
[Result "0-1"]
[BlackTitle "GM"]
[WhiteElo "2232"]
[BlackElo "2575"]
[WhiteFideId "5021774"]
[BlackFideId "718602"]
[EventDate "2015.04.06"]

1. e4 e5 2. Nf3 Nc6 3. d4 exd4 4. Nxd4 Nf6 5. Nc3 Bc5 6. Nxc6 bxc6 7. Bd3 O-O 8.
O-O Re8 9. Bg5 Bd4 10. Kh1 h6 11. Bh4 d5 12. exd5 Bxc3 13. bxc3 cxd5 14. c4 d4
15. Qf3 Rb8 16. Bxf6 Qxf6 17. Qxf6 gxf6 18. Rab1 Rb6 19. c5 Rxb1 20. Rxb1 Bd7
21. h3 Bc6 22. Kh2 a5 23. Bb5 Rb8 24. a4 Bd7 25. Rb3 Bf5 26. Rg3+ Kf8 27. c3 c6
28. Bd3 Bxd3 29. Rxd3 Rb3 30. Rxd4 Rxc3 31. Rd6 Rxc5 32. Rxf6 h5 33. Kg3 Ke7 34.
Rh6 f6 35. Kh4 Ke6 36. Rxh5 Rc4+ 37. g4 Rxa4 38. Rc5 Kd6 39. Rf5 Ke6 40. Kh5 Rb4
41. Kg6 a4 42. Rxf6+ Kd5 43. Rf5+ Kc4 44. f4 c5 45. Rf6 Kb3 46. f5 c4 47. g5 a3
48. Ra6 c3 49. f6 c2 50. f7 Rb8 51. f8=Q Rxf8 52. Rb6+ Ka4 53. Rc6 a2 0-1

[Event "17th Dubai Chess Open"]
[Site "Dubai UAE"]
[Date "2015.04.13"]
[Round "8.21"]
[White "Kovchan, Alexander"]
[Black "Petrosyan, Manuel"]
[Result "1/2-1/2"]
[WhiteTitle "GM"]
[BlackTitle "IM"]
[WhiteElo "2576"]
[BlackElo "2427"]
[WhiteFideId "14103052"]
[BlackFideId "13300857"]
[EventDate "2015.04.06"]

1. e4 c5 2. Nf3 e6 3. d4 cxd4 4. Nxd4 a6 5. Bd3 Nf6 6. O-O Qc7 7. Nd2 d6 8. a4
Nbd7 9. a5 Nc5 10. Nc4 Nfxe4 11. Nb6 Rb8 12. Bxe4 Nxe4 13. Re1 d5 14. c4 Bd6 15.
cxd5 Bxh2+ 16. Kf1 exd5 17. Nxd5 Qc4+ 18. Qe2 Qxd4 19. Qxe4+ Qxe4 20. Rxe4+ Be6
21. g3 O-O 22. Ne3 Bh3+ 23. Ng2 Bd7 24. Rh4 Bb5+ 25. Ke1 Rfe8+ 26. Ne3 Bg1 27.
Rh1 Rbc8 28. Rxg1 Rc2 29. Bd2 Rxb2 30. Rh1 Rd8 31. Rd1 Ra2 32. Rh4 h6 33. Re4
Ba4 34. Rxa4 Rxa4 35. Rb1 Rd7 36. Rb2 h5 37. Ke2 f6 38. Bb4 Kh7 39. Bc3 Ra3 40.
Be1 Ra4 41. Bd2 Kg6 42. Ng2 Kh7 43. Nf4 h4 44. Nh3 hxg3 45. fxg3 Ra3 46. Kf2
Rdd3 47. Nf4 Rf3+ 48. Ke2 Rfb3 49. Rc2 Rxg3 50. Rc7 Rab3 51. Nd5 Rg2+ 52. Kd1
Rd3 53. Nxf6+ Kg6 54. Ne4 Rd4 55. Re7 Kf5 56. Nf2 Rxd2+ 57. Kxd2 Rxf2+ 58. Kc3
Rf3+ 59. Kc4 g5 60. Rf7+ Ke4 61. Re7+ Kf4 62. Rxb7 g4 63. Rb6 g3 64. Rf6+ Ke3
65. Rxa6 Rf4+ 66. Kb5 Rf5+ 67. Kb4 Rf4+ 68. Kb5 Rf5+ 69. Kb4 g2 70. Rg6 Kf3 1/2-1/2

[Event "17th Dubai Chess Open"]
[Site "Dubai UAE"]
[Date "2015.04.13"]
[Round "8.24"]
[White "Maisuradze, Nino"]
[Black "Idani, Pouya"]
[Result "0-1"]
[WhiteTitle "WGM"]
[BlackTitle "GM"]
[WhiteElo "2302"]
[BlackElo "2496"]
[WhiteFideId "13601717"]
[BlackFideId "12510130"]
[EventDate "2015.04.06"]

1. d4 Nf6 2. c4 e6 3. Nc3 Bb4 4. e3 d5 5. Ne2 dxc4 6. a3 Ba5 7. Qa4+ c6 8. Qxc4
O-O 9. g3 e5 10. dxe5 Ng4 11. f4 Be6 12. Qa4 Na6 13. Nd4 Bd5 14. Rg1 c5 15. Nf5
Bxc3+ 16. bxc3 Nxh2 17. Bg2 Nf3+ 18. Kf2 Bc6 19. Qc4 Nxg1 20. Bxc6 bxc6 21. Qxa6
Nh3+ 22. Kg2 Qd5+ 23. Kh2 Qd1 24. Qxc6 Qc2+ 25. Kxh3 Qxf5+ 26. g4 Qc2 27. Qxc5
Rfd8 28. Qc6 Rac8 29. Qg2 Rxc3 30. a4 Qxg2+ 31. Kxg2 Rd1 0-1

[Event "17th Dubai Chess Open"]
[Site "Dubai UAE"]
[Date "2015.04.13"]
[Round "8.25"]
[White "Ram, Aravind L N"]
[Black "Ezat, Mohamed"]
[Result "0-1"]
[WhiteTitle "FM"]
[BlackTitle "IM"]
[WhiteElo "2135"]
[BlackElo "2479"]
[WhiteFideId "25033760"]
[BlackFideId "10600906"]
[EventDate "2015.04.06"]

1. e4 c6 2. d4 d5 3. Nc3 b5 4. e5 Bf5 5. f4 e6 6. Nce2 h5 7. Ng3 Bg4 8. Be2 Bxe2
9. Qxe2 g6 10. Nf3 Qb6 11. Bd2 c5 12. dxc5 Bxc5 13. b4 Be7 14. a4 bxa4 15. Rxa4
Nh6 16. c4 dxc4 17. Qxc4 O-O 18. Ra5 Qc6 19. Qe2 Qb7 20. Qb5 Qxb5 21. Rxb5 Nc6
22. Rb7 Rab8 23. Rc7 Rfc8 24. Rxc8+ Rxc8 25. b5 Nb4 26. Ke2 Rb8 27. Ra1 Rxb5 28.
Rxa7 Nd5 29. Nd4 Rb2 30. Kd3 Ng4 31. Nf3 Nxh2 32. Rxe7 Rxd2+ 33. Nxd2 Nxe7 34.
Ke4 Ng4 35. Ne2 Nd5 36. Nc4 Kg7 37. Nd6 Kf8 38. Nd4 Ke7 39. Nc6+ Kd7 40. Nd4 f5+
41. Kf3 g5 42. g3 h4 43. N6xf5 exf5 44. Nxf5 h3 45. fxg5 Nxe5+ 46. Kf2 Ng4+ 47.
Kg1 Ke6 48. Nh6 Nde3 49. Nxg4 Nxg4 50. g6 Ke5 0-1

[Event "17th Dubai Chess Open"]
[Site "Dubai UAE"]
[Date "2015.04.13"]
[Round "8.26"]
[White "Hayrapetyan, Hovik"]
[Black "Kuznetsov, Mikhail V."]
[Result "1-0"]
[WhiteTitle "GM"]
[WhiteElo "2465"]
[BlackElo "2260"]
[WhiteFideId "13302639"]
[BlackFideId "4194900"]
[EventDate "2015.04.06"]

1. d4 Nf6 2. Nf3 e6 3. e3 b6 4. Bd3 Ba6 5. Bxa6 Nxa6 6. Qe2 Nb8 7. e4 d5 8. e5
Nfd7 9. O-O Be7 10. b3 c5 11. c4 dxc4 12. Qe4 Na6 13. d5 exd5 14. Qxd5 Nc7 15.
Qxc4 O-O 16. Nc3 Ne6 17. Nd5 Re8 18. Bb2 Qc8 19. Rad1 Qb7 20. Qe4 Rab8 21. Ne1
Nc7 22. Nxe7+ Rxe7 23. Qxb7 Rxb7 24. f4 Ne8 25. Nc2 Nf8 26. Ne3 Red7 27. f5 Rxd1
28. Rxd1 Rd7 29. Rxd7 Nxd7 30. Kf2 Nc7 31. Kf3 b5 32. Ke4 Nb6 33. Ba3 b4 34. Bc1
Kf8 35. Nd1 Nbd5 36. Be3 Nxe3 37. Nxe3 Ke8 38. Nd5 Nb5 39. e6 fxe6 40. fxe6 Nd4
41. Ke5 Nb5 42. g4 h6 43. h4 a5 44. h5 Kd8 45. Ne3 Ke8 46. Nf5 Kf8 47. e7+ Ke8
48. Nd6+ 1-0

[Event "17th Dubai Chess Open"]
[Site "Dubai UAE"]
[Date "2015.04.13"]
[Round "8.27"]
[White "Kulkarni, Vinayak"]
[Black "Harutyunian, Tigran K."]
[Result "0-1"]
[BlackTitle "IM"]
[WhiteElo "2037"]
[BlackElo "2445"]
[WhiteFideId "5021332"]
[BlackFideId "13303635"]
[EventDate "2015.04.06"]

1. d4 Nf6 2. c4 e6 3. Nc3 Bb4 4. e3 O-O 5. Ne2 d5 6. a3 Be7 7. cxd5 exd5 8. Nf4
c6 9. Bd3 Nbd7 10. O-O Re8 11. f3 Nf8 12. Bc2 Qb6 13. Kh1 Ne6 14. Nxe6 Bxe6 15.
e4 dxe4 16. fxe4 Rad8 17. Be3 Ng4 18. Bg1 Qxb2 19. Ne2 Ne5 20. d5 Bg4 21. Rb1
Qxa3 22. Qe1 cxd5 23. Bd4 Qd6 24. Nf4 Nc6 25. Ba1 d4 26. Rxb7 Bc8 27. Rb1 Ba6
28. Bd3 Bxd3 29. Nxd3 Bf6 30. Rb5 Qe6 31. Nc5 Qc4 32. Qb1 Rb8 33. Nb7 Be5 34.
Rc1 Qe6 35. Qc2 Qh6 36. g3 Bxg3 37. Rc5 Nb4 38. Qe2 Rxb7 0-1

[Event "17th Dubai Chess Open"]
[Site "Dubai UAE"]
[Date "2015.04.13"]
[Round "8.28"]
[White "Pourramezanali, Amirreza"]
[Black "Abou El Zein, Eid Mahmoud"]
[Result "1-0"]
[WhiteTitle "IM"]
[BlackTitle "IM"]
[WhiteElo "2432"]
[BlackElo "2191"]
[WhiteFideId "12511412"]
[BlackFideId "10600078"]
[EventDate "2015.04.06"]

1. d4 Nf6 2. Nf3 c5 3. c3 g6 4. Bf4 Bg7 5. e3 O-O 6. Nbd2 cxd4 7. exd4 d6 8. Be2
Nc6 9. O-O h6 10. h3 Re8 11. Bh2 Bd7 12. a4 Rc8 13. Re1 Be6 14. Bd3 Qd7 15. a5
Bf5 16. Bf1 Qc7 17. a6 b6 18. Nc4 g5 19. d5 Nb8 20. Nd4 Bd7 21. Ne3 Qc5 22. Ndf5
Bf8 23. Qf3 Bxf5 24. Qxf5 Nbd7 25. Rad1 Bg7 26. h4 gxh4 27. Rd4 Nf8 28. Rc4 e6
29. Rxc5 exf5 30. Rxc8 Rxc8 31. Nxf5 Ng6 32. Nxd6 Rd8 33. c4 Ng4 34. Nb7 Rd7 35.
Bb8 Bd4 36. Re2 Ne7 37. Bxa7 Nf5 38. Rd2 Re7 39. Rxd4 Nxd4 40. Bxb6 Ne2+ 41.
Bxe2 Rxe2 42. Kf1 Rxb2 43. a7 1-0

[Event "17th Dubai Chess Open"]
[Site "Dubai UAE"]
[Date "2015.04.13"]
[Round "8.29"]
[White "Baghdasaryan, Vahe"]
[Black "Mona, Khaled"]
[Result "1-0"]
[WhiteTitle "IM"]
[BlackTitle "WGM"]
[WhiteElo "2400"]
[BlackElo "2125"]
[WhiteFideId "13303139"]
[BlackFideId "10605908"]
[EventDate "2015.04.06"]

1. c4 c6 2. Nf3 d5 3. g3 Nf6 4. Bg2 g6 5. O-O Bg7 6. cxd5 cxd5 7. Nc3 O-O 8. d3
Nc6 9. Bf4 b6 10. Ne5 Nxe5 11. Bxe5 Bb7 12. Qb3 Qd7 13. Bxf6 Bxf6 14. Nxd5 Bxb2
15. Nxe7+ Qxe7 16. Qxb2 Bxg2 17. Kxg2 Rfe8 18. e3 Rad8 19. d4 Qe4+ 20. Kg1 Rd5
21. Rac1 Rh5 22. Rc7 Rd8 23. Qb3 Rdd5 24. Rc8+ Kg7 25. Qa3 Qe6 26. Qf8+ Kf6 27.
Rc7 Rd7 28. Qh8+ Ke7 29. Rfc1 Qxa2 30. Rc8 Qa4 31. Re8+ Kd6 32. Qf8+ Kd5 33.
Rc5+ 1-0

[Event "17th Dubai Chess Open"]
[Site "Dubai UAE"]
[Date "2015.04.13"]
[Round "8.30"]
[White "Kanter, Eduard"]
[Black "Siva, Mahadevan"]
[Result "1/2-1/2"]
[WhiteTitle "IM"]
[WhiteElo "2349"]
[BlackElo "2097"]
[WhiteFideId "4103963"]
[BlackFideId "25043153"]
[EventDate "2015.04.06"]

1. d4 d5 2. c4 e6 3. Nf3 Nf6 4. g3 Bb4+ 5. Nbd2 dxc4 6. Bg2 O-O 7. O-O b5 8. a4
c6 9. Ne1 Nd5 10. Nc2 Be7 11. Ne4 Bb7 12. Nc5 Bxc5 13. dxc5 Nd7 14. e4 N5f6 15.
Be3 Ne5 16. Nd4 a6 17. b3 Qe7 18. h3 Rfd8 19. Qc2 cxb3 20. Nxb3 Nc4 21. Bd4 e5
22. Bc3 a5 23. Rfb1 Qe6 24. axb5 a4 25. Nd2 cxb5 26. Rxb5 Bc6 27. Rb4 Nxd2 28.
Bxd2 Rdb8 29. Qb2 Nd7 30. Bf1 Rxb4 31. Qxb4 Qb3 32. Bg2 Rb8 33. Qa5 1/2-1/2

[Event "17th Dubai Chess Open"]
[Site "Dubai UAE"]
[Date "2015.04.13"]
[Round "8.31"]
[White "Ahmed, Fareed"]
[Black "Yousry, Salah"]
[Result "1-0"]
[BlackTitle "FM"]
[WhiteElo "1960"]
[BlackElo "2304"]
[WhiteFideId "9303677"]
[BlackFideId "10601120"]
[EventDate "2015.04.06"]

1. e4 c5 2. Nf3 Nc6 3. d4 cxd4 4. Nxd4 Nf6 5. Nc3 e5 6. Ndb5 d6 7. Bg5 a6 8. Na3
b5 9. Nd5 Be7 10. Bxf6 Bxf6 11. c3 O-O 12. Nc2 Bg5 13. a4 bxa4 14. Rxa4 a5 15.
Bc4 Rb8 16. b3 Kh8 17. O-O f5 18. exf5 Bxf5 19. Nce3 Bd7 20. Bd3 g6 21. Nc4 Ne7
22. Rxa5 Bb5 23. Nxe7 Bxe7 24. Ra7 Bc6 25. Qe2 Rxb3 26. Nxe5 dxe5 27. Qxe5+ Bf6
28. Rxh7+ Kg8 29. Qg3 g5 30. Qh3 Qd5 31. Rh8+ Kf7 32. Bg6+ Ke7 33. Re1+ Be5 34.
Rxf8 Rxc3 35. Rf3 Rxf3 36. Qxf3 Qxf3 37. gxf3 Kf6 38. Be4 Bd7 39. Kg2 Bf4 40.
Rb1 Be6 41. Rb5 Bd7 42. Rb7 Be6 43. Rh7 Bg8 44. Rh6+ Kg7 45. Rg6+ Kf8 46. Rb6
Ke7 47. Bf5 Bd5 48. Bg4 Kf7 49. Rb1 Ba2 50. Rb4 Be5 51. h3 Ke7 52. Rb6 Kf7 53.
Kf1 Bc4+ 54. Ke1 Bd4 55. Rd6 Bc5 56. Rc6 Bb4+ 57. Kd1 Bd5 58. Rc7+ Kf6 59. Ke2
Bd6 60. Rc2 Bb3 61. Rc3 Ba4 62. Kd3 Be8 63. Ke4 Be5 64. Rc1 Bf4 65. Rh1 Bc6+ 66.
Kd4 Be5+ 67. Kc5 Be8 68. h4 gxh4 69. Rxh4 Kg5 70. Rh1 Bb8 71. Ra1 Bf7 72. Ra8
Be5 73. Rf8 Bg6 74. Kd5 Bg7 75. Ra8 Bf7+ 76. Ke4 Bg6+ 77. Ke3 Bc3 78. Rc8 Bb4
79. Rc4 Bd6 80. Bd7 Bf7 81. f4+ Kf6 82. Rc1 Ba3 83. Rd1 Bh5 84. f3 Bg6 85. f5
Bf7 86. Kf4 Bh5 87. Be6 Bb2 88. Rh1 Be8 89. Kg4 Kg7 90. f4 Bb5 91. Rh2 Bf6 92.
Rc2 Ba4 93. Rc7+ Kh6 94. Rf7 Bd1+ 95. Kg3 Bc3 96. Kf2 Bh5 97. Rd7 Be8 98. Rd3
Bf6 99. Rh3+ Kg7 100. Ke3 Bb2 101. Bd5 Ba4 102. Rg3+ Kf8 103. Rg2 Bf6 104. Ke4
Be8 105. Ra2 Bc3 106. Ra7 Bb2 107. f6 Bxf6 108. Kf5 Bd4 109. Rh7 Bg7 110. Kg5
Bc3 111. f5 Bd2+ 112. Kf6 Bc3+ 113. Ke6 Bg7 114. Rh2 Bc3 115. Rc2 Bf7+ 116. Kd7
Be8+ 117. Kd6 Bb4+ 118. Ke6 Bf7+ 119. Kf6 Be8 120. Rc8 Ba5 121. Bc6 1-0

[Event "17th Dubai Chess Open"]
[Site "Dubai UAE"]
[Date "2015.04.13"]
[Round "8.32"]
[White "Vijayalakshmi, Subbaraman"]
[Black "Berglind, Axel"]
[Result "1-0"]
[WhiteTitle "IM"]
[WhiteElo "2319"]
[BlackElo "2081"]
[WhiteFideId "5004098"]
[BlackFideId "1720228"]
[EventDate "2015.04.06"]

1. d4 d5 2. c4 e6 3. Nc3 Nf6 4. cxd5 exd5 5. Bg5 Nbd7 6. e3 c6 7. Bd3 Be7 8. Qc2
O-O 9. Nf3 Re8 10. O-O h6 11. Bf4 Nf8 12. h3 Ne6 13. Bh2 a6 14. Rab1 c5 15. dxc5
Nxc5 16. Be2 Nce4 17. Nd4 Bd6 18. Bxd6 Qxd6 19. Rbd1 Nxc3 20. Qxc3 Ne4 21. Qb3
Qg6 22. Kh1 Be6 23. Bf3 b5 24. Nxe6 fxe6 25. Qd3 Rac8 26. Bxe4 Qxe4 27. Qxe4
dxe4 28. Rd2 Red8 29. Rfd1 Rd3 30. Rxd3 exd3 31. Rxd3 Rc2 32. f3 Rxb2 33. Ra3
Kf7 34. Rxa6 b4 35. Kh2 b3 36. axb3 Rxb3 37. e4 Kf6 38. Ra2 g6 39. Kg3 Rb6 40.
Kg4 Rb4 41. Re2 h5+ 42. Kh4 Ra4 43. Rb2 Ra3 44. Rc2 Rb3 45. Rf2 Ra3 46. Re2 Rb3
47. e5+ Kg7 48. Kg5 Rb5 49. Re3 Rb2 50. g4 hxg4 51. hxg4 Rb7 52. Ra3 Re7 53. f4
Kf7 54. Rh3 Re8 55. Rh7+ Kg8 56. Kxg6 Rf8 57. Rg7+ Kh8 58. Rf7 Rg8+ 59. Kh5 Re8
60. g5 Kg8 61. Kg6 Ra8 62. Rb7 Rf8 63. Rg7+ Kh8 64. Rf7 Re8 65. Kf6 Kg8 66. g6
Kh8 67. Re7 Rf8+ 68. Kg5 1-0

[Event "17th Dubai Chess Open"]
[Site "Dubai UAE"]
[Date "2015.04.13"]
[Round "8.33"]
[White "Al Yaghshi, M. Hisham"]
[Black "Mehar, Chinna Reddy C.H."]
[Result "0-1"]
[BlackTitle "FM"]
[WhiteElo "2046"]
[BlackElo "2319"]
[WhiteFideId "7604610"]
[BlackFideId "5027420"]
[EventDate "2015.04.06"]

1. d4 d5 2. c4 c6 3. Nc3 Nf6 4. Nf3 e6 5. Bg5 Nbd7 6. e3 Qa5 7. cxd5 Nxd5 8. Rc1
Nxc3 9. bxc3 Ba3 10. Rc2 c5 11. Bd3 cxd4 12. exd4 O-O 13. Bf4 Be7 14. O-O b6 15.
Qe2 Bb7 16. Nd2 Nf6 17. Rb1 Qd5 18. f3 Rac8 19. Ne4 Qd7 20. Nxf6+ Bxf6 21. Bb5
Bc6 22. Ba6 Bb7 23. Bb5 Qd5 24. Rb4 Rfd8 25. Bc4 Qf5 26. Be3 Rxc4 27. Rxc4 Ba6
28. Rb2 Be7 29. Rc5 bxc5 30. Qxa6 cxd4 31. Bxd4 Bc5 32. Qb5 Bxd4+ 33. cxd4 Qf4
34. Qc4 g6 35. Rb4 a5 36. Ra4 e5 37. d5 Qe3+ 38. Kf1 Qd2 39. Qh4 Qd1+ 40. Kf2
Rxd5 41. Re4 Rd2+ 42. Kg3 Qf1 43. Qh3 Qf2+ 44. Kg4 f5+ 45. Kg5 Qxg2+ 0-1

[Event "17th Dubai Chess Open"]
[Site "Dubai UAE"]
[Date "2015.04.13"]
[Round "8.35"]
[White "Abdelnabbi, Imed"]
[Black "Bashirli, Nail"]
[Result "1-0"]
[WhiteTitle "IM"]
[BlackTitle "FM"]
[WhiteElo "2433"]
[BlackElo "2312"]
[WhiteFideId "10600035"]
[BlackFideId "13406809"]
[EventDate "2015.04.06"]

1. d4 d5 2. c4 e6 3. Nc3 Be7 4. Nf3 Nf6 5. Bg5 h6 6. Bh4 O-O 7. e3 Nbd7 8. Rc1
c6 9. Qc2 b6 10. Qa4 Bb7 11. cxd5 Nxd5 12. Bxe7 Nxe7 13. Be2 c5 14. O-O cxd4 15.
Nxd4 Nc5 16. Qa3 Nf5 17. Nxf5 exf5 18. Bc4 Qg5 19. Bd5 f4 20. exf4 Qxf4 21. Bxb7
Nxb7 22. Nd5 Qe5 23. Ne7+ Kh8 24. Rfe1 Qg5 25. Rc7 Nc5 26. Qe3 Qxe3 27. Rxe3
Rfd8 28. g3 Ne6 29. Rc2 Kh7 30. Nc6 Rd5 31. Kg2 Rc8 32. Rec3 Rc7 33. h4 a5 34.
a3 g6 35. Nb8 Rxc3 36. Rxc3 a4 37. Rc2 Kg7 38. Na6 Re5 39. Rd2 Nc5 40. Nb4 Re6
41. Kf1 h5 42. Rd4 Kf6 43. Rf4+ Kg7 44. Rc4 Re5 45. Rd4 Re6 46. Na2 b5 47. Nc3
Rb6 48. Rd5 Rc6 49. Nxb5 Kf6 50. Nc3 Ke6 51. Rd4 Rb6 52. Rc4 Nb3 53. Ke1 Ke5 54.
Nxa4 Re6 55. Nc3 Nd4 56. Kf1 Rd6 57. Rc5+ Ke6 58. Nb5 Nxb5 59. Rxb5 Rd2 60. a4
Kd6 61. Rb7 f6 62. Rb6+ Ke5 63. a5 g5 64. Rb5+ Ke4 65. hxg5 fxg5 66. Rxg5 1-0

[Event "17th Dubai Chess Open"]
[Site "Dubai UAE"]
[Date "2015.04.13"]
[Round "8.36"]
[White "Mosadeghpour, Masoud"]
[Black "Abdulla, Khayala"]
[Result "0-1"]
[BlackTitle "WIM"]
[WhiteElo "2371"]
[BlackElo "2255"]
[WhiteFideId "12519278"]
[BlackFideId "13401807"]
[EventDate "2015.04.06"]

1. e4 e6 2. d4 d5 3. exd5 exd5 4. Nf3 Bd6 5. c4 c6 6. Nc3 Nf6 7. c5 Bc7 8. Bd3
O-O 9. O-O Bg4 10. b4 a6 11. Bg5 Nbd7 12. a4 Qb8 13. h3 Bh5 14. Rb1 b5 15. cxb6
Bxb6 16. Be3 Qd6 17. a5 Bc7 18. g3 Qe6 19. Kh2 Ne4 20. Ng5 Bxg3+ 21. fxg3 Nxg5
22. Qxh5 Qxe3 23. Rbd1 Nf6 24. Qe2 Rfe8 25. Kg2 Qxe2+ 26. Nxe2 Nge4 27. Rc1 Nd2
28. Rfe1 Nb3 29. Rxc6 Nxd4 30. Rxa6 Rab8 31. Rb6 Rxb6 32. axb6 Nxe2 33. Rxe2 Rb8
34. Rc2 Kf8 35. Rc6 Nd7 36. Rd6 Nxb6 37. b5 Ke7 38. Rc6 Nd7 39. Rc7 Kd8 40. Ra7
Ne5 41. Be2 Ke8 42. Ra4 Ke7 43. Kf2 Kd6 44. Ke3 Kc5 45. Ra7 Re8 46. Kd2 g6 47.
Ra5 d4 48. Ra7 d3 49. Bd1 Kd4 50. b6 Nc4+ 51. Kc1 Nxb6 52. Kb2 Nc4+ 53. Kb3 Rb8+ 0-1

[Event "17th Dubai Chess Open"]
[Site "Dubai UAE"]
[Date "2015.04.13"]
[Round "8.37"]
[White "Fawzy, Adham"]
[Black "Vignesh, NR"]
[Result "0-1"]
[WhiteTitle "FM"]
[WhiteElo "2296"]
[BlackElo "2365"]
[WhiteFideId "10613129"]
[BlackFideId "25012215"]
[EventDate "2015.04.06"]

1. e4 c5 2. c4 Nc6 3. Ne2 e6 4. Nbc3 Nf6 5. d4 cxd4 6. Nxd4 Bb4 7. Nxc6 dxc6 8.
Qxd8+ Kxd8 9. e5 Nd7 10. Bf4 Kc7 11. O-O-O Bxc3 12. bxc3 b6 13. Be2 Bb7 14. Bh5
Ba6 15. Rd4 c5 16. Rd6 Bxc4 17. Rhd1 Rad8 18. Bxf7 Rhf8 19. Bxe6 Bxe6 20. Rxe6
Rxf4 21. Red6 Rxf2 22. e6 Rf1 23. Rxd7+ Rxd7 24. Rxf1 Re7 25. Rf8 Kd6 26. Rh8 h6
27. Kd2 Kxe6 28. c4 Kd7 29. Kd3 Re8 30. Rh7 Rg8 31. g4 Ke6 32. g5 hxg5 33. Ke4
Kf6 34. Kd5 Rd8+ 35. Kc6 Rd2 36. a4 Ra2 37. Kb5 Rb2+ 38. Ka6 Rb4 39. Kxa7 Rxa4+
40. Kxb6 Rxc4 41. Rh8 Kg6 42. Rc8 Rc2 43. Rh8 g4 44. Kc6 Rc3 45. Re8 Rh3 46. Re2
c4 47. Kd5 c3 48. Ke4 Kg5 49. Ra2 Kh4 50. Kf5 Rf3+ 51. Kg6 g3 52. hxg3+ Kxg3 53.
Kg5 Rf7 54. Ra3 Rc7 55. Kf5 Kf2 0-1

[Event "17th Dubai Chess Open"]
[Site "Dubai UAE"]
[Date "2015.04.13"]
[Round "8.38"]
[White "Visakh, NR"]
[Black "Rowe, Duane"]
[Result "1-0"]
[BlackTitle "CM"]
[WhiteElo "2389"]
[BlackElo "2214"]
[WhiteFideId "25012223"]
[BlackFideId "7400268"]
[EventDate "2015.04.06"]

1. d4 Nf6 2. Nf3 c5 3. e3 g6 4. c4 Bg7 5. Nc3 O-O 6. d5 d6 7. Be2 e6 8. O-O exd5
9. cxd5 a6 10. a4 Re8 11. Nd2 Nbd7 12. h3 b6 13. Re1 Ra7 14. Ra3 Ra8 15. e4 h6
16. Bf1 g5 17. Nc4 Ne5 18. Nxe5 dxe5 19. Be2 Re7 20. Be3 Rc7 21. Rb3 Rb8 22. Bc4
Bf8 23. Qe2 Ra7 24. Rd1 Bd6 25. f3 Qf8 26. g4 Nd7 27. Kg2 Qg7 28. Qd2 Nf8 29.
Qf2 Rc7 30. h4 Qf6 31. hxg5 hxg5 32. Qd2 Nh7 33. Rh1 Qg6 34. Qd3 Ra7 35. Ne2 Bd7
36. Nc3 Bc8 37. Ra3 Nf8 38. Raa1 Qg7 39. Ne2 f6 40. Bf2 Ng6 41. b4 Rc7 42. bxc5
bxc5 43. Bxa6 Rb2 44. Bxc8 Rxc8 45. Qa6 Qc7 46. Rh6 Kg7 47. Rah1 Nh4+ 48. R6xh4
gxh4 49. Rxh4 c4 50. Ng3 Qc5 51. Nf5+ Kg8 52. Ne3 Rcb8 53. Kg3 Rxf2 54. Kxf2
Rb2+ 55. Kg3 Qxe3 56. Qc8+ Bf8 57. Qe6+ Kg7 58. Qd7+ 1-0

[Event "17th Dubai Chess Open"]
[Site "Dubai UAE"]
[Date "2015.04.13"]
[Round "8.39"]
[White "Gevorgyan, Maria"]
[Black "Abhishek, Kelkar"]
[Result "0-1"]
[WhiteTitle "WFM"]
[WhiteElo "2182"]
[BlackElo "2343"]
[WhiteFideId "13300270"]
[BlackFideId "5019257"]
[EventDate "2015.04.06"]

1. e4 d5 2. exd5 Qxd5 3. Nc3 Qd6 4. d4 Nf6 5. Nf3 c6 6. Ne5 Nbd7 7. Bf4 Nd5 8.
Nxd5 Qxd5 9. Qf3 Nxe5 10. Qxd5 cxd5 11. Bxe5 f6 12. Bg3 Bf5 13. c3 e6 14. a4 a6
15. a5 Kd7 16. Kd2 Be7 17. b4 Rhc8 18. Ra2 e5 19. dxe5 d4 20. cxd4 Bxb4+ 21. Kd1
Rc3 22. Rb2 Bxa5 23. Rxb7+ Kc6 24. Rb2 Ra3 25. Bf4 Rd8 26. Bxa6 Rxd4+ 27. Ke2
Rxf4 28. Rc1+ Rc3 29. Rxc3+ Bxc3 30. Rb7 Bc8 31. Rxg7 Bxa6+ 32. Ke3 fxe5 33. f3
Bd4+ 34. Kd2 e4 0-1

[Event "17th Dubai Chess Open"]
[Site "Dubai UAE"]
[Date "2015.04.13"]
[Round "8.40"]
[White "Tissir, Mohamed"]
[Black "Rajarishi, Karthi"]
[Result "1/2-1/2"]
[WhiteTitle "IM"]
[WhiteElo "2359"]
[BlackElo "2055"]
[WhiteFideId "9000240"]
[BlackFideId "5092523"]
[EventDate "2015.04.06"]

1. e4 e6 2. d4 d5 3. Nd2 Be7 4. Ngf3 Nf6 5. e5 Nfd7 6. Bd3 c5 7. c3 Nc6 8. O-O
g5 9. dxc5 g4 10. Nd4 Ncxe5 11. Bb5 Bxc5 12. f4 Nc6 13. Nb3 Bb6 14. Qxg4 Nf6 15.
Qe2 O-O 16. Be3 Bd7 17. Bd3 Kh8 18. Nxc6 bxc6 19. Nc5 Ne8 20. Bd4+ f6 21. Nxe6
Bxe6 22. Qxe6 Bxd4+ 23. cxd4 Qb6 24. Rf2 Ng7 25. Qh3 f5 26. Rc1 Qxd4 27. Rxc6
Rac8 28. Rxc8 Rxc8 29. g4 Re8 30. Bf1 fxg4 31. Qd3 Qc5 32. b4 Qxb4 33. Qxd5 Qb6
34. f5 Rf8 35. Bd3 Rd8 36. Qe4 Rd4 37. Qa8+ Rd8 38. Qe4 Nh5 39. Kg2 Nf6 40. Qc4
Rd4 41. Qc8+ Kg7 42. Bc4 Rd7 43. Bb3 Qe3 44. Qc2 Re7 45. Qd2 h5 46. Be6 Qxd2 47.
Rxd2 Ne4 48. Rd8 Rb7 49. Bb3 Nc5 50. Bd5 Rd7 51. Rxd7+ Nxd7 52. Kg3 Kf6 53. Be6
Nc5 54. Kh4 1/2-1/2

[Event "17th Dubai Chess Open"]
[Site "Dubai UAE"]
[Date "2015.04.14"]
[Round "9.1"]
[White "Fedoseev, Vladimir3"]
[Black "Howell, David W L"]
[Result "1/2-1/2"]
[WhiteTitle "GM"]
[BlackTitle "GM"]
[WhiteElo "2674"]
[BlackElo "2686"]
[WhiteFideId "24130737"]
[BlackFideId "410608"]
[EventDate "2015.04.06"]

1. d4 Nf6 2. Nf3 d5 3. c4 e6 4. Nc3 Nbd7 5. cxd5 exd5 6. Bf4 c6 7. e3 Nh5 8. Bd3
Nxf4 9. exf4 Bd6 10. g3 O-O 11. O-O Re8 12. Qc2 Nf8 13. Rfe1 Rxe1+ 14. Rxe1 Bd7
15. f5 Qf6 16. Ne5 Re8 17. f4 Qd8 18. Qb3 Qb6 19. Qxb6 axb6 20. Kf2 Ra8 21. a4
Bc8 22. Bc2 Nd7 23. Kf3 Kf8 24. g4 f6 25. Nd3 Nb8 26. b4 Na6 27. Rb1 Nc7 28. Ne2
Bd7 29. Ng3 Be7 30. h4 Ne8 31. h5 h6 32. Ne2 Nd6 33. Nb2 b5 34. a5 Ne4 35. Bxe4
dxe4+ 36. Kxe4 Bxb4 37. Nd3 Re8+ 38. Kf3 Bxa5 39. Nc5 Bc8 40. d5 Bb6 41. Ne6+
Bxe6 42. fxe6 Rd8 43. Ng3 Rxd5 44. Nf5 Bc5 45. Ra1 Rd8 46. g5 fxg5 47. fxg5 hxg5
48. h6 gxh6 49. Rh1 Rd5 50. Kg4 Re5 51. Rxh6 Kg8 52. Rg6+ Kh7 53. Rh6+ Kg8 54.
Rg6+ Kh7 55. Rh6+ Kg8 1/2-1/2